'The' Books Quiz Stats

 Plays Quiz Updated Jun 22, 2018

Challenge
Share
Tweet
Embed
Score 0/27 Timer 05:00
0 Plays Today
Author and date published The Book % Correct
J. R. R. Tolkien (1954-55)The Lord of the Rings
93.1%
J. R. R. Tolkien (1937)The Hobbit
89.9%
Dan Brown (2003)The Da Vinci Code
84.4%
Anne Frank (1947)The Diary of Anne Frank
82.4%
F. Scott Fitzgerald (1925)The Great Gatsby
78.1%
J. D. Salinger (1951)The Catcher in the Rye
76.9%
C. S. Lewis (1950)The Lion, the Witch and the Wardrobe
76%
Homer (8th Century BC)The Odyssey
68.4%
Suzanne Collins (2008)The Hunger Games
60%
Stieg Larsson (2005)The Girl with the Dragon Tattoo
52.2%
Khaled Hosseini (2003)The Kite Runner
50.1%
Mario Puzo (1969)The Godfather
45.3%
John Green (2012)The Fault in Our Stars
36.7%
Antoine de Saint-Exupéry (1943)The Little Prince
33.5%
Author and date published The Book % Correct
Beatrix Potter (1902)The Tale of Peter Rabbit
33.4%
Arthur Conan Doyle (1887)The Adventures of Sherlock Holmes
32.7%
Dan Brown (2009)The Lost Symbol
22.2%
Eric Carle (1969)The Very Hungry Caterpillar
22.1%
Paulo Coelho (1988)The Alchemist
19.4%
Kenneth Grahame (1908)The Wind in the Willows
18.7%
Umberto Eco (1980)The Name of the Rose
18.2%
Colleen McCullough (1977)The Thorn Birds
14.4%
Carlo Collodi (1881)The Adventures of Pinocchio
11.8%
Robert James Waller (1992)The Bridges of Madison County
8.3%
Jack Higgins (1975)The Eagle Has Landed
6.6%
James Redfield (1993)The Celestine Prophecy
4.3%
William Bradford Huie (1951)The Revolt of Mamie Stover
2.1%

You're not logged in!

Compare scores with friends on all Sporcle quizzes.
OR
Log In

You Might Also Like...

Show Comments

Extras

Top Quizzes Today


Score Distribution

Your Account Isn't Verified!

In order to create a playlist on Sporcle, you need to verify the email address you used during registration. Go to your Sporcle Settings to finish the process.

Report this User

Report this user for behavior that violates our Community Guidelines.

Details: